000 00514cas a22001815a 4500
001 L104496
008 070802c1976 xxkmr p 0 a0eng u
022 1 _a0141-5875
035 _a(Sirsi) u104496
041 0 _aeng
245 0 0 _aBuilding Law Reports
260 _aLondon
_bTaylor and Francis Informa
_c1976-
362 _aLondon: 1 1976-APR 2010
520 _aHoldings bound to 2007, unbound for 2008. No holdings after 2008.
651 4 _aUnited Kingdom
690 _aBUILT ENVIRONMENT
942 _n0
_2ddc
999 _c118721
_d118721